书目信息 |
| 题名: |
舞剧艺术论
|
|
| 作者: | 张麟 著 | |
| 分册: | ||
| 出版信息: | 上海 上海音乐出版社 2019.9 |
|
| 页数: | 181页 | |
| 开本: | 24cm | |
| 丛书名: | ||
| 单 册: | ||
| 中图分类: | J733 | |
| 科图分类: | ||
| 主题词: | 舞剧--艺术理论 | |
| 电子资源: | ||
| ISBN: | 978-7-5523-1078-8 | |
| 000 | 01312nam0 2200277 45 | |
| 001 | 012001001407 | |
| 005 | 20130912104840.0 | |
| 010 | @a978-7-5523-1078-8@dCNY58.00 | |
| 099 | @aCAL 012020015862 | |
| 100 | @a20200123d2019 em y0chiy0110 ea | |
| 101 | 0 | @achi |
| 102 | @aCN@b310000 | |
| 105 | @ay a 000yy | |
| 106 | @ar | |
| 200 | 1 | @a舞剧艺术论@Awu ju yi shu lun@d= Dance drama@f张麟著@zeng |
| 210 | @a上海@c上海音乐出版社@d2019.9 | |
| 215 | @a181页@d24cm | |
| 300 | @a并列题名:Dance drama | |
| 320 | @a有书目 (第175-181页) | |
| 330 | @a本著作从“什么是舞剧”这一设问开始,对舞剧艺术的本质进行探讨。笔者站在舞剧就是“借事抒情”的表现性舞蹈样式这一理论基点之上,相继提出了抒情性是舞剧的本质属性,叙事性是舞剧的功能表现属性,表现性是舞剧艺术的本质特点,戏剧性是舞剧艺术的美学特征等一系列学术观点。对于如何理解舞剧的戏剧性,笔者认为应该体现于外在行动的情感内化,是内化后的行动构成的情感和结构表达层面的张力构造,而这一张力构造又通过不同情感之力的舞蹈动作所呈现出来,产生出情感和视觉上的双重表现力。第三章和第四章是由舞剧艺术的本质特征的论述所衍生出来的关于舞剧叙事和舞剧语言等舞剧艺术规律的理论阐述和分析。 | |
| 510 | 1 | @aDance drama@zeng |
| 606 | 0 | @a舞剧@x艺术理论 |
| 690 | @aJ733@v5 | |
| 701 | 0 | @a张麟@Azhang lin@4著 |
| 801 | @aCN@b江苏凤凰@c20211018 | |
| 905 | @b1343380-3@dJ733@e308@f4 | |
| 舞剧艺术论= Dance drama/张麟著.-上海:上海音乐出版社,2019.9 |
| 181页;24cm |
| 并列题名:Dance drama |
| ISBN 978-7-5523-1078-8:CNY58.00 |
| 本著作从“什么是舞剧”这一设问开始,对舞剧艺术的本质进行探讨。笔者站在舞剧就是“借事抒情”的表现性舞蹈样式这一理论基点之上,相继提出了抒情性是舞剧的本质属性,叙事性是舞剧的功能表现属性,表现性是舞剧艺术的本质特点,戏剧性是舞剧艺术的美学特征等一系列学术观点。对于如何理解舞剧的戏剧性,笔者认为应该体现于外在行动的情感内化,是内化后的行动构成的情感和结构表达层面的张力构造,而这一张力构造又通过不同情感之力的舞蹈动作所呈现出来,产生出情感和视觉上的双重表现力。第三章和第四章是由舞剧艺术的本质特征的论述所衍生出来的关于舞剧叙事和舞剧语言等舞剧艺术规律的理论阐述和分析。 |
| ● |
| 相关链接 |
|
|
|
|
正题名:舞剧艺术论
索取号:J733/308
 
预约/预借
| 序号 | 登录号 | 条形码 | 馆藏地/架位号 | 状态 | 备注 |
| 1 | 1343380 | 213433809 | 第一样本阅览室/ [索取号:J733/308] | 在馆 | |
| 2 | 1343381 | 213433818 | 第一借阅区/ [索取号:J733/308] | 在馆 | |
| 3 | 1343382 | 213433827 | 第一借阅区/ [索取号:J733/308] | 在馆 | |
| 4 | 1343383 | 213433836 | 第一借阅区/ [索取号:J733/308] | 在馆 |